| 000 | 00392pam a2200169 a 4500 | ||
|---|---|---|---|
| 020 |
_a9781405133005 _c |
||
| 041 | _h | ||
| 082 |
_a547.59 _bJOU |
||
| 100 | _aJoule, J A. | ||
| 245 |
_aHeterocyclic Chemistry _hTextual Documents |
||
| 250 | _a5th ed. | ||
| 260 |
_aWeinheim _bJohn Wiley _c2011 |
||
| 300 | _a689. | ||
| 653 | _aHeterocyclic Chemistry | ||
| 700 | _aMills, K. | ||
| 930 | _a1062 | ||
| 999 |
_c74360 _d74360 |
||